000
00293nam a22001337a 4500
008
170302b xxu||||| |||| 00| 0 eng d
020
_a
9780130800176
041
_a
eng
080
_2
3RD
_a
575
100
_a
6
101
_a
SHM
245
_a
ESSENTIALS OF GENETICS
_c
KLUG, W.S
942
_2
udc
_c
BK
999
_c
6598
_d
6598